| 000 | 00553nam a22001817a 4500 | ||
|---|---|---|---|
| 003 | CEME | ||
| 005 | 20210628203557.0 | ||
| 008 | 210121b xxu||||| |||| 00| 0 eng d | ||
| 020 | _a978-969-4073408 | ||
| 040 | _cceme | ||
| 082 | _a181.07 HIS | ||
| 100 |
_aSharif, m.m. prof _966346 |
||
| 245 | _aA history of muslim philosophy, with short accounts of other disciplines and the modern renaissance in muslim lands | ||
| 260 |
_aKARACHI _bROYAL BOOK _c2007 |
||
| 300 | _a2 VOL SET | ||
| 650 |
_aHISTORY OF MUSLIM PHILOSOPHY _966347 |
||
| 942 |
_cBK _2ddc |
||
| 999 |
_c574325 _d574325 |
||